[Event "MNT-chT"]
[Site "Tivat"]
[Date "2011.10.10"]
[Round "3.5"]
[White "Mihajlovic, Veselin"]
[Black "Tadic, Branko"]
[Result "0-1"]
[WhiteElo "2370"]
[BlackElo "2486"]
[PlyCount "136"]
[EventDate "2011.10.08"]
[EventType "team-tourn"]
[EventRounds "9"]
[EventCountry "MNE"]
[SourceTitle "CBM 144 Extra"]
[Source "ChessBase"]
[SourceDate "2011.10.28"]
[SourceVersion "1"]
[SourceVersionDate "2011.10.28"]
[SourceQuality "1"]
[WhiteTeam "Herceg Novi"]
[BlackTeam "Bar Mornar"]
[WhiteTeamCountry "MNE"]
[BlackTeamCountry "MNE"]

1. d4 d5 2. Nf3 Nf6 3. c4 c6 4. Nc3 dxc4 5. a4 Bg4 6. Ne5 Bh5 7. f3 Nfd7 8. Nxc4 e5 9. g3 f6 10. dxe5 Nxe5 11. Qxd8+ Kxd8 12. Nxe5 fxe5 13. Be3 Nd7 14. Bh3 Nf6 15. Kf2 Bb4 16. a5 Ke7 17. Rhd1 Bf7 18. Rdc1 Rhd8 19. Ra4 Bd6 20. Ne4 Bb3 21. Nxd6 Bxa4 22. Nxb7 Rd1 23. Bc5+ Ke8 24. Nd6+ Kd8 25. Nf7+ Kc7 26. Rxd1 Bxd1 27. Ke1 Bb3 28. Bd6+ Kb7 29. Nxe5 Rd8 30. Ba3 Rd5 31. Nd3 Kc7 32. Nc5 Bc4 33. Ne6+ Kb7 34. Nxg7 Rxa5 35. Nf5 Kb6 36. e4 Be6 37. g4 Nd7 38. Nd4 Bg8 39. Kf2 c5 40. Nc2 Bb3 41. Ne3 Ne5 42. Bf1 Ra4 43. g5 Rd4 44. h4 Bf7 45. Be2 a5 46. Nf5 Rd7 47. f4 Nd3+ 48. Ke3 Ne1 49. e5 Nc2+ 50. Kf2 Rd2 51. Nd6 Bd5 52. Kf1 Rd4 53. f5 Rf4+ 54. Kg1 Nd4 55. Bd3 Nf3+ 56. Kf2 Nxe5+ 57. Ke2 Rxh4 58. Bb1 Rh1 59. Be4 Rh2+ 60. Ke3 Kc6 61. Bxd5+ Kxd5 62. Ne8 Rh3+ 63. Ke2 Nc4 64. Nc7+ Kd6 65. f6 Re3+ 66. Kf2 Re5 67. Nb5+ Ke6 68. Nc7+ Kf7 0-1

[Event "MNT-chT"]
[Site "Cetinje"]
[Date "2010.07.28"]
[Round "5"]
[White "Mihajlovic, Veselin"]
[Black "Draganic, Veljko"]
[Result "1/2-1/2"]
[WhiteElo "2364"]
[BlackElo "2263"]
[PlyCount "21"]
[EventDate "2010.07.24"]
[EventType "team-swiss"]
[EventRounds "9"]
[EventCountry "MNE"]
[SourceTitle "CBM 137 Extra"]
[Source "ChessBase"]
[SourceDate "2010.09.01"]
[SourceVersion "1"]
[SourceVersionDate "2010.09.01"]
[SourceQuality "1"]

1. d4 d5 2. Nf3 Nf6 3. c4 c6 4. cxd5 cxd5 5. Nc3 Nc6 6. Bf4 a6 7. Rc1 e6 8. e3 Be7 9. Bd3 0-0 10. 0-0 Bd7 11. h3 1/2-1/2

[Event "MNT-chT"]
[Site "Cetinje"]
[Date "2009.08.22"]
[Round "2.1"]
[White "Mihajlovic, Veselin"]
[Black "Djukic, Nikola"]
[Result "0-1"]
[WhiteElo "2373"]
[BlackElo "2491"]
[PlyCount "120"]
[EventDate "2009.08.21"]
[EventType "team-tourn"]
[EventRounds "7"]
[EventCountry "MNE"]
[SourceTitle "CBM 131 Extra"]
[Source "ChessBase"]
[SourceDate "2009.09.03"]
[SourceVersion "2"]
[SourceVersionDate "2009.09.16"]
[SourceQuality "1"]

1. d4 Nf6 2. c4 e6 3. g3 d5 4. Bg2 Be7 5. Nf3 0-0 6. 0-0 dxc4 7. Ne5 Nc6 8. Bxc6 bxc6 9. Nxc6 Qe8 10. Nxe7+ Qxe7 11. Qa4 e5 12. dxe5 Qxe5 13. Qxc4 Be6 14. Qc2 Bf5 15. Qc4 Be6 16. Qc2 Nd5 17. Nc3 Bf5 18. Qd2 Nxc3 19. bxc3 Rad8 20. Qf4 Qxc3 21. Be3 Bh3 22. Rfc1 Qb2 23. Qf3 Be6 24. Rcb1 Qa3 25. Rc1 Bd5 26. Qh5 Qb2 27. Qg4 Be6 28. Qf3 Rfe8 29. Rcb1 Qa3 30. Rc1 Bd5 31. Qf4 c6 32. Bd4 Qe7 33. Re1 Qe6 34. a4 a6 35. Bc3 Qg6 36. f3 h5 37. Rad1 Rb8 38. e4 Be6 39. Rd6 c5 40. Rxa6 Rb3 41. Rc1 Kh7 42. a5 Qh6 43. Qxh6+ Kxh6 44. Rc6 c4 45. f4 f6 46. e5 Kg6 47. exf6 gxf6 48. h3 Ra3 49. g4 hxg4 50. hxg4 Bxg4 51. Rxc4 Re2 52. Rc6 Raa2 53. Rxf6+ Kh5 54. Bd4 Bh3 55. Rc5+ Kh4 56. Rh6+ Kg4 57. Rg5+ Kxf4 58. Re5 Rg2+ 59. Kh1 Rh2+ 60. Kg1 Rag2+ 0-1

[Event "MNT-chT"]
[Site "Herceg Novi"]
[Date "2008.08.30"]
[Round "6"]
[White "Mihajlovic, Veselin"]
[Black "Blagojevic, Dragisa"]
[Result "1/2-1/2"]
[WhiteElo "2366"]
[BlackElo "2519"]
[PlyCount "57"]
[EventDate "2008.08.25"]
[EventType "team-tourn"]
[EventRounds "7"]
[EventCountry "MNE"]
[SourceTitle "CBM 126 Extra"]
[Source "ChessBase"]
[SourceDate "2008.11.05"]
[SourceVersion "1"]
[SourceVersionDate "2008.11.05"]
[SourceQuality "1"]

1. e4 e5 2. Nf3 Nc6 3. Bb5 a6 4. Ba4 Nf6 5. 0-0 b5 6. Bb3 Bc5 7. a4 Bb7 8. d3 d6 9. Nc3 b4 10. Ne2 h6 11. Ng3 Bc8 12. c3 bxc3 13. bxc3 Ba7 14. Nh4 Bg4 15. Qe1 Ne7 16. Kh1 g5 17. Nhf5 Bxf5 18. exf5 Qd7 19. Ne4 Qxf5 20. Nxf6+ Qxf6 21. Qe4 0-0 22. h4 Nf5 23. Kh2 Kg7 24. Be3 Nxe3 25. fxe3 Qg6 26. Rxf7+ Rxf7 27. Qxa8 Qh5 28. Qxa7 Qxh4+ 29. Kg1 1/2-1/2

[Event "Champions Challenge 226th"]
[Site "Playchess.com INT"]
[Date "2007.11.24"]
[Round "2.3"]
[White "Jovic, Stanoje"]
[Black "Mihajlovic, Veselin"]
[Result "1-0"]
[WhiteElo "2295"]
[BlackElo "2357"]
[PlyCount "103"]
[EventDate "2007.11.24"]
[EventType "k.o. (blitz)"]
[EventRounds "4"]
[EventCountry "GER"]
[SourceTitle "EXT 2010"]
[Source "ChessBase"]
[SourceDate "2010.11.25"]
[SourceVersion "1"]
[SourceVersionDate "2010.11.25"]
[SourceQuality "1"]

1. c4 e5 2. Nc3 Nc6 3. Nf3 f5 4. d4 e4 5. Bg5 Be7 6. Bxe7 Ngxe7 7. Nd2 0-0 8. e3 d6 9. g3 Nb4 10. a3 Na6 11. b4 c6 12. h4 Nc7 13. Be2 Be6 14. Kf1 a6 15. Kg2 Qd7 16. Rc1 b5 17. Qc2 Rfc8 18. Qb2 Qe8 19. Rc2 Qf7 20. d5 cxd5 21. cxb5 d4 22. exd4 axb5 23. Nxb5 Nxb5 24. Rxc8+ Rxc8 25. Bxb5 Bd5 26. Be2 f4 27. Bg4 Rf8 28. f3 fxg3 29. Rf1 Nf5 30. Qc3 e3 31. Bxf5 exd2 32. Bc2 Qf4 33. Bd1 Qxh4 34. Rh1 Rxf3 35. Bxf3 Qxh1+ 36. Kxh1 d1Q+ 37. Kg2 Bxf3+ 38. Qxf3 Qxd4 39. Kxg3 h6 40. Qb3+ Kh7 41. b5 Qe5+ 42. Kf3 d5 43. b6 Qe4+ 44. Kf2 d4 45. b7 Qf4+ 46. Ke2 Qe4+ 47. Kd2 Qf4+ 48. Kd1 Qg4+ 49. Kc2 Qg2+ 50. Kc1 Qg1+ 51. Kb2 Qh2+ 52. Qc2+ 1-0

[Event "MNT-chT"]
[Site "Herceg Novi"]
[Date "2007.09.04"]
[Round "2"]
[White "Dragovic, Aleksandar"]
[Black "Mihajlovic, Veselin"]
[Result "1/2-1/2"]
[WhiteElo "2278"]
[BlackElo "2357"]
[PlyCount "44"]
[EventDate "2007.09.03"]
[EventType "team-tourn"]
[EventRounds "9"]
[EventCountry "MNE"]
[SourceTitle "CBM 120 Extra"]
[Source "ChessBase"]
[SourceDate "2007.11.01"]
[SourceVersion "1"]
[SourceVersionDate "2007.11.01"]
[SourceQuality "1"]

1. d4 c5 2. c3 Nf6 3. Nf3 g6 4. e3 b6 5. Bd3 Bb7 6. Qe2 d5 7. Nbd2 Nbd7 8. e4 dxe4 9. Nxe4 Nxe4 10. Bxe4 Bxe4 11. Qxe4 Bg7 12. 0-0 0-0 13. Re1 Re8 14. Bg5 Nf6 15. Qh4 cxd4 16. Nxd4 Qd5 17. Re2 e5 18. Bxf6 Bxf6 19. Qxf6 exd4 20. Qxd4 Qxd4 21. Rxe8+ Rxe8 22. cxd4 Re2 1/2-1/2

[Event "Champions Challenge 206th"]
[Site "Playchess.com INT"]
[Date "2007.07.07"]
[Round "2.2"]
[White "Mihajlovic, Veselin"]
[Black "Jovic, Stanoje"]
[Result "1-0"]
[WhiteElo "2357"]
[BlackElo "2285"]
[PlyCount "195"]
[EventDate "2007.07.07"]
[EventType "k.o. (blitz)"]
[EventRounds "4"]
[EventCountry "GER"]
[SourceTitle "EXT 2010"]
[Source "ChessBase"]
[SourceDate "2010.11.25"]
[SourceVersion "1"]
[SourceVersionDate "2010.11.25"]
[SourceQuality "1"]

1. d4 Nf6 2. c4 d6 3. Nf3 Bg4 4. Nc3 Nbd7 5. e4 e5 6. Be3 Be7 7. Be2 0-0 8. 0-0 c6 9. d5 cxd5 10. cxd5 Qb8 11. Nd2 Bxe2 12. Qxe2 Rc8 13. Rfc1 Bd8 14. Nb5 Rxc1+ 15. Rxc1 a6 16. Na3 b5 17. f3 Bb6 18. Nb3 Qa7 19. Bxb6 Qxb6+ 20. Qf2 Qd8 21. Rc6 Ne8 22. Nc2 a5 23. Ne3 a4 24. Nd2 Nc5 25. Nf5 g6 26. Nxd6 Nd3 27. Qb6 Qg5 28. Nf1 Nxd6 29. Rxd6 Qc1 30. Qxb5 Nf4 31. Rc6 Qe1 32. Rc2 a3 33. b3 h5 34. g3 Nh3+ 35. Kg2 Ng5 36. h4 Nh7 37. Qe2 Qb1 38. Ne3 Nf6 39. Qd2 Kh7 40. Qc1 Qxc1 41. Rxc1 Kg7 42. Rc7 Ne8 43. Rc6 Kf8 44. Nc4 f6 45. d6 Ng7 46. Rc7 Ne6 47. Rh7 Kg8 48. Rb7 Nc5 49. Rb5 Ne6 50. Kf2 Kf8 51. Ke3 Ke8 52. f4 exf4+ 53. gxf4 Kd7 54. Rb7+ Kc6 55. Rf7 Nc5 56. Rc7+ Kb5 57. d7 Rd8 58. Nxa3+ Kb6 59. Rc8 Rxd7 60. Nc4+ Kb5 61. e5 Rd3+ 62. Ke2 Rh3 63. exf6 Ne6 64. f7 Nxf4+ 65. Kf2 Ne6 66. f8Q Nxf8 67. Rxf8 Rh2+ 68. Kg3 Rxa2 69. Ne5 Rb2 70. Rf3 Rb1 71. Nxg6 Rg1+ 72. Kf2 Rxg6 73. Rf5+ Kb4 74. Rxh5 Kxb3 75. Kf3 Kc4 76. Re5 Kd4 77. Re8 Kd5 78. Kf4 Kd6 79. Kf5 Rg1 80. h5 Kd7 81. Re2 Rf1+ 82. Kg6 Rg1+ 83. Kh7 Kd8 84. h6 Kd7 85. Kh8 Kd8 86. h7 Kd7 87. Ra2 Ke7 88. Ra8 Kf7 89. Rg8 Ra1 90. Rg7+ Kf8 91. Rg2 Rf1 92. Rg3 Rf2 93. Rg1 Rf3 94. Rg2 Rf1 95. Rg3 Rf2 96. Rg6 Rf3 97. Rg8+ Kf7 98. Ra8 1-0

[Event "Champions Challenge 206th"]
[Site "Playchess.com INT"]
[Date "2007.07.07"]
[Round "1.2"]
[White "Mihajlovic, Veselin"]
[Black "Labeckas, Kestutis"]
[Result "1-0"]
[WhiteElo "2357"]
[BlackElo "2265"]
[PlyCount "114"]
[EventDate "2007.07.07"]
[EventType "k.o. (blitz)"]
[EventRounds "4"]
[EventCountry "GER"]
[SourceTitle "EXT 2010"]
[Source "ChessBase"]
[SourceDate "2010.11.25"]
[SourceVersion "1"]
[SourceVersionDate "2010.11.25"]
[SourceQuality "1"]

1. d4 d5 2. Nf3 c6 3. c4 Nf6 4. cxd5 cxd5 5. Nc3 Nc6 6. Bf4 a6 7. Rc1 Bf5 8. e3 e6 9. Ne5 Nxe5 10. Bxe5 Be7 11. Qb3 b5 12. a4 b4 13. Na2 0-0 14. Be2 Rc8 15. Bxa6 Rxc1+ 16. Nxc1 Nd7 17. Bg3 Qb6 18. Bb5 Rc8 19. 0-0 Nf6 20. f3 h6 21. Nd3 Bxd3 22. Qxd3 Nh5 23. Bf2 f5 24. Rd1 Qc7 25. Qd2 Bd6 26. g3 Nf6 27. Ba6 Ra8 28. Rc1 Qe7 29. Bb5 g5 30. Be1 g4 31. f4 Ne4 32. Qc2 h5 33. Qc6 Rf8 34. a5 h4 35. gxh4 Qg7 36. Rc2 Kh7 37. a6 Bxf4 38. Qd7 Rf7 39. Qxe6 Bxe3+ 40. Kg2 f4 41. Qxd5 f3+ 42. Kf1 Qg6 43. Rc6 Nf6 44. Qb3 Qh5 45. Bd3+ Kg7 46. Bb1 Bxd4 47. Qd3 f2 48. Bd2 Bxb2 49. Bg5 g3 50. hxg3 Be5 51. Qf5 Qd1+ 52. Kxf2 Bd4+ 53. Kg2 Qe2+ 54. Kh3 Qg4+ 55. Qxg4 Nxg4 56. Kxg4 Rf4+ 57. gxf4 Bf6 1-0

[Event "Champions Challenge 168th"]
[Site "Playchess.com INT"]
[Date "2006.10.14"]
[Round "1.2"]
[White "Mihajlovic, Veselin"]
[Black "Rychagov, Andrey"]
[Result "0-1"]
[WhiteElo "2306"]
[BlackElo "2572"]
[PlyCount "124"]
[EventDate "2006.10.14"]
[EventType "k.o. (blitz)"]
[EventRounds "5"]
[EventCountry "GER"]
[SourceTitle "EXT 2008"]
[Source "ChessBase"]
[SourceDate "2007.11.25"]
[SourceVersion "1"]
[SourceVersionDate "2007.11.25"]
[SourceQuality "1"]

1. d4 f5 2. Nc3 Nf6 3. Bg5 d5 4. e3 Be6 5. Nge2 a6 6. Nf4 Bf7 7. Bxf6 gxf6 8. Bd3 e6 9. g4 fxg4 10. Qxg4 Qe7 11. 0-0-0 Nd7 12. e4 dxe4 13. Bxe4 f5 14. Bxf5 exf5 15. Qxf5 0-0-0 16. Rhe1 Qf6 17. Qxf6 Nxf6 18. Ne6 Re8 19. Ng5 Bh6 20. h4 Bh5 21. Rxe8+ Rxe8 22. Rg1 Ne4 23. f4 Nxc3 24. bxc3 Bg6 25. Kd2 Bf5 26. Rf1 Kd7 27. c4 Bg7 28. c3 Bf6 29. Nf3 Re4 30. Ne5+ Bxe5 31. fxe5 Bg6 32. Rh1 c5 33. h5 Bf5 34. Rg1 cxd4 35. Rg7+ Ke6 36. Rxb7 dxc3+ 37. Kxc3 Rxe5 38. Rb6+ Kf7 39. Rxa6 Be6 40. h6 Rh5 41. Kb4 Rxh6 42. c5 Rh4+ 43. Ka5 Bxa2 44. c6 Be6 45. Ra7+ Kf6 46. Kb6 h5 47. Rh7 Kg6 48. Rh8 Rb4+ 49. Kc7 Rc4 50. Kd6 Bf5 51. c7 Kg5 52. Rf8 h4 53. Ke5 Rc5+ 54. Kd6 Rc1 55. Ke5 Re1+ 56. Kd6 Rc1 57. Ke5 Bh3 58. Rg8+ Kh5 59. Rh8+ Kg4 60. Rg8+ Kf3 61. Rh8 Kg3 62. Rg8+ Bg4 0-1

[Event "MNT-chT 1st"]
[Site "Herceg Novi"]
[Date "2006.09.23"]
[Round "2"]
[White "Podlesnik, Bogdan"]
[Black "Mihajlovic, Veselin"]
[Result "1/2-1/2"]
[WhiteElo "2414"]
[BlackElo "2306"]
[PlyCount "87"]
[EventDate "2006.09.22"]
[EventType "team-tourn"]
[EventRounds "11"]
[EventCountry "MNE"]
[SourceTitle "CBM 114 Extra"]
[Source "ChessBase"]
[SourceDate "2006.11.03"]
[SourceVersion "1"]
[SourceVersionDate "2006.11.03"]
[SourceQuality "1"]

1. e4 c5 2. Nf3 d6 3. d4 cxd4 4. Nxd4 Nf6 5. Nc3 g6 6. Be2 Bg7 7. 0-0 0-0 8. Be3 Nc6 9. f4 Bd7 10. Nb3 b5 11. Bxb5 Ng4 12. Qf3 Nxe3 13. Qxe3 Nb4 14. Bd3 a5 15. a3 Nxd3 16. Qxd3 a4 17. Nd2 Qb6+ 18. Kh1 Bxc3 19. bxc3 Qc5 20. Rfb1 Rfc8 21. c4 Rab8 22. Qc3 Rxb1+ 23. Rxb1 Be6 24. h3 Bxc4 25. Rb4 Bb5 26. Qxc5 Rxc5 27. c4 Bc6 28. Kg1 Kg7 29. Kf2 f5 30. Ke3 e5 31. g4 fxg4 32. hxg4 exf4+ 33. Kxf4 h5 34. g5 Re5 35. Rb8 Kf7 36. Rh8 Ke7 37. Rh7+ Kf8 38. Rc7 Rc5 39. Ke3 Be8 40. Rxc5 dxc5 41. Kf4 Bf7 42. e5 Ke7 43. Ne4 Bxc4 44. Nxc5 1/2-1/2

[Event "Champions Challenge 151st"]
[Site "Playchess.com INT"]
[Date "2006.06.17"]
[Round "1.4"]
[White "Mihajlovic, Veselin"]
[Black "Rakhmanov, Alexander"]
[Result "0-1"]
[WhiteElo "2306"]
[BlackElo "2473"]
[PlyCount "86"]
[EventDate "2006.06.17"]
[EventType "k.o. (blitz)"]
[EventRounds "5"]
[EventCountry "GER"]
[SourceTitle "EXT 2007"]
[Source "ChessBase"]
[SourceDate "2006.11.23"]
[SourceVersion "1"]
[SourceVersionDate "2006.11.23"]
[SourceQuality "1"]

1. d4 Nf6 2. c4 g6 3. Nc3 d5 4. cxd5 Nxd5 5. e4 Nxc3 6. bxc3 Bg7 7. Bc4 0-0 8. Ne2 Nc6 9. 0-0 e5 10. Be3 Qe7 11. f3 Rd8 12. Qd2 Na5 13. Bd3 c5 14. d5 b6 15. f4 exf4 16. Bxf4 Be5 17. Rf2 Bg4 18. Ng3 Nb7 19. Raf1 Nd6 20. Bxe5 Qxe5 21. Rf4 Bd7 22. Kh1 Rf8 23. Rf6 Ne8 24. R6f4 f6 25. Be2 Nd6 26. Bg4 Bxg4 27. Rxg4 Rae8 28. Qh6 Re7 29. h4 Rg7 30. Nf5 Nxf5 31. exf5 Qe2 32. Rff4 Kf7 33. fxg6+ hxg6 34. Re4 Qd1+ 35. Kh2 Qxd5 36. Re7+ Kxe7 37. Qxg7+ Qf7 38. Qxf7+ Kxf7 39. Ra4 a5 40. Re4 Rd8 41. Re3 b5 42. Kh3 c4 43. a3 Rd3 0-1

[Event "SCG-chT 4th"]
[Site "Vrnjacka Banja"]
[Date "2006.05.07"]
[Round "7"]
[White "Mihajlovic, Veselin"]
[Black "Djukic, Nikola"]
[Result "0-1"]
[WhiteElo "2314"]
[BlackElo "2523"]
[PlyCount "76"]
[EventDate "2006.05.01"]
[EventType "team"]
[EventRounds "7"]
[EventCountry "YUG"]
[SourceTitle "CBM 112 Extra"]
[Source "ChessBase"]
[SourceDate "2006.07.14"]
[SourceVersion "1"]
[SourceVersionDate "2006.07.14"]
[SourceQuality "1"]

1. d4 Nf6 2. c4 g6 3. Nc3 Bg7 4. e4 d6 5. f3 0-0 6. Nge2 a6 7. Be3 Nbd7 8. Qd2 c5 9. dxc5 dxc5 10. Rd1 Qc7 11. Nc1 e6 12. Nb3 b6 13. Bf4 Ne5 14. Qd6 Qxd6 15. Rxd6 Nfd7 16. Be2 Re8 17. 0-0 f6 18. Rfd1 Ra7 19. Bxe5 fxe5 20. a4 Bf8 21. R6d3 Be7 22. a5 Rb7 23. Na4 b5 24. Rxd7 Rxd7 25. Rxd7 bxa4 26. Rxe7 Rxe7 27. Nxc5 a3 28. bxa3 Rc7 29. Na4 Bd7 30. Nb6 Be8 31. Kf2 Rc5 32. a4 Rxa5 33. Bd1 Rc5 34. Bb3 a5 35. Ke3 Kf7 36. f4 Rc6 37. Na8 Bd7 38. fxe5 Bc8 0-1

[Event "SCG-chT 4th"]
[Site "Vrnjacka Banja"]
[Date "2006.05.02"]
[Round "2"]
[White "Mihajlovic, Veselin"]
[Black "Popovic, Dusan"]
[Result "0-1"]
[WhiteElo "2314"]
[BlackElo "2496"]
[PlyCount "72"]
[EventDate "2006.05.01"]
[EventType "team"]
[EventRounds "7"]
[EventCountry "YUG"]
[SourceTitle "CBM 112 Extra"]
[Source "ChessBase"]
[SourceDate "2006.07.14"]
[SourceVersion "1"]
[SourceVersionDate "2006.07.14"]
[SourceQuality "1"]

1. d4 Nf6 2. c4 g6 3. Nc3 Bg7 4. e4 d6 5. Nf3 0-0 6. Be2 e5 7. 0-0 Nc6 8. d5 Ne7 9. b4 Nh5 10. Re1 f5 11. Ng5 Nf6 12. f3 Nh5 13. c5 Nf4 14. Bc4 Kh8 15. Ne6 Nxe6 16. dxe6 Nc6 17. cxd6 cxd6 18. Nb5 Bxe6 19. Bxe6 Qb6+ 20. Be3 Qxb5 21. Qxd6 fxe4 22. fxe4 Nd4 23. a4 Qd3 24. Bxd4 exd4 25. Bd5 Qd2 26. Qg3 Rae8 27. Rf1 Qxb4 28. Rxf8+ Rxf8 29. Rf1 Re8 30. h4 Qc3 31. Rf3 d3 32. Rxd3 Qa1+ 33. Kf2 Rf8+ 34. Rf3 Bd4+ 35. Ke2 Qb2+ 36. Ke1 Rc8 0-1

[Event "Belgrade Trophy 17th"]
[Site "Obrenovac"]
[Date "2004.11.29"]
[Round "8"]
[White "Radosavljevic, Slobodan D"]
[Black "Mihajlovic, Veselin"]
[Result "0-1"]
[WhiteElo "2231"]
[BlackElo "2359"]
[PlyCount "76"]
[EventDate "2004.11.22"]
[EventType "swiss"]
[EventRounds "9"]
[EventCountry "YUG"]
[SourceTitle "CBM 103 Extra"]
[Source "ChessBase"]
[SourceDate "2005.01.01"]
[SourceVersion "1"]
[SourceVersionDate "2005.01.01"]
[SourceQuality "1"]

1. e4 c5 2. Nf3 d6 3. c3 Nf6 4. g3 Nc6 5. d3 g6 6. Bg2 Bg7 7. 0-0 0-0 8. Re1 e5 9. h3 Ne8 10. Na3 f5 11. b4 cxb4 12. cxb4 Kh8 13. b5 Ne7 14. Bb2 Nf6 15. Nc4 Be6 16. Rc1 Bg8 17. a4 Rc8 18. exf5 gxf5 19. Ba3 Ne8 20. Nfd2 Nd5 21. Nf3 e4 22. dxe4 Nc3 23. Rxc3 Bxc3 24. Re3 Bg7 25. Ncd2 f4 26. gxf4 Rxf4 27. Rd3 Qf6 28. Nf1 Bc4 29. Rd2 Bxf1 30. Kxf1 Rxe4 31. Ng5 Rf4 32. Ne4 Qh4 33. f3 Be5 34. Bxd6 Nxd6 35. Nxd6 Rcf8 36. Ne4 Rxe4 37. Rd5 Bg7 38. Qd3 Re1# 0-1